000 00852nam a2200217 i 4500
001 168973
003 ES-MaACL
005 20250809063534.0
008 080709s1975 sp |||| | spa d
080 _a382(460:65)"18/19"
080 _a382(65:460)"18/19"
100 1 _aVilar, Juan Bautista,
_d1941-2018
_9114797
245 1 0 _aRelaciones comerciales hispano-argelinas en el periodo 1791-1814 /
_cJuan Bta. Vilar.
260 _a[Madrid] :
_bInstituto "Jerónimo Zurita",
_c1975.
300 _a8 p. ;
_c24 cm.
595 _aTirada aparte de: Hispania: revista española de historia, t. XXXIV, 1974, p. 435-442.
651 4 _aArgelia-
_xRelaciones-
_zEspaña.
_97805
651 4 _aEspaña-
_xRelaciones-
_zArgelia.
_98456
852 _aES-MaACL
_j2232-F-14
_z. - Dedicatoria autógrafa del autor al Ateneo de Madrid
999 _c168973
_d168973